| 000 | 00357nam a2200133Ia 4500 | ||
|---|---|---|---|
| 005 | 20260328104256.0 | ||
| 008 | 260328s9999||||xx |||||||||||||| ||und|| | ||
| 100 | _aDextre, Juan Carlo | ||
| 245 | 0 |
_aCyclists & Cycling Around the World / _cJuan Carlo Dextre |
|
| 260 | _buniversidad de Peru | ||
| 300 | _a334 p. | ||
| 650 | _aESPACIO PUBLICO | ||
| 942 | _cBK | ||
| 999 |
_c10450 _d10450 |
||